| 000 | 00356nam a2200133 a 4500 | ||
|---|---|---|---|
| 005 | 20141022142007.0 | ||
| 008 | 090825s19uu xx 00 eng d | ||
| 050 | _aAVM | ||
| 245 | _aNo B.S. Wealth Attraction for Entrepreneurs. | ||
| 260 | _bEntrepreneur Press. | ||
| 650 | _aVCD | ||
| 650 | _aNo B.S. Wealth Attraction for Entrepreneurs | ||
| 942 | _cAVM | ||
| 999 |
_c276582 _d276582 |
||